Pohodové rodičovství / Milan Studnička
Kniha českého psychologa je zaměřena na to, jak porozumět dítěti, jak porozumět rozdílnému přístupu k chlapcům a dívkám, ale i jak porozumět sami sobě. Je vhodná pro rodiče, prarodiče, trenéry i učitele.
Record details
- ISBN: 978-80-265-0979-0
- Physical Description: 239 stran : ilustrace, 1 portrét ; 24 cm
- Edition: 1. vydání
- Publisher: Brno : BizBooks, 2021
Content descriptions
| General Note: | Obálkový podnázev: Od miminka ke spokojenému puberťákovi |
Search for related items by subject
| Subject: | výchova dítěte rodičovství děti |
| Genre: | populárně-naučné publikace |
Available copies
- 2 of 2 copies available at Common Catalog SPOK.
Holds
- 0 current holds with 2 total copies.
Show All Copies
| Location | Call Number / Copy Notes | Barcode | Shelving Location | Status | Due Date |
|---|---|---|---|---|---|
| Jabok Library | Ped-7.2.1 | 424480043835 | Odborná literatura | Available | - |
| Jabok Library | Ped-7.2.1 | 424480043838 | Odborná literatura | Available | - |
| LDR | 02448aam a2200661 i 4500 | ||
|---|---|---|---|
| 001 | 48535 | ||
| 003 | CZ-PrJAB | ||
| 005 | 20210621080224.0 | ||
| 007 | ta | ||
| 008 | 151013s2021 xr ac e 000 0 cze d | ||
| 015 | . | ‡acnb003321942 | |
| 020 | . | ‡a978-80-265-0979-0 ‡q(vázáno) | |
| 035 | . | ‡a(CZ PrSKC)1064551 | |
| 040 | . | ‡aUOG001 ‡bcze ‡erda | |
| 072 | 7. | ‡a37 ‡xVýchova a vzdělávání ‡2Konspekt ‡922 | |
| 080 | . | ‡a37.03-053.2 ‡2MRF | |
| 080 | . | ‡a316.362.1-055.52 ‡2MRF | |
| 080 | . | ‡a(0.062) ‡2MRF | |
| 100 | 1 | . | ‡aStudnička, Milan, ‡d1977- ‡7mzk2003187266 ‡4aut |
| 245 | 1 | 0. | ‡aPohodové rodičovství / ‡cMilan Studnička |
| 250 | . | ‡a1. vydání | |
| 264 | 1. | ‡aBrno : ‡bBizBooks, ‡c2021 | |
| 300 | . | ‡a239 stran : ‡bilustrace, 1 portrét ; ‡c24 cm | |
| 336 | . | ‡atext ‡btxt ‡2rdacontent | |
| 337 | . | ‡abez média ‡bn ‡2rdamedia | |
| 338 | . | ‡asvazek ‡bnc ‡2rdacarrier | |
| 500 | . | ‡aObálkový podnázev: Od miminka ke spokojenému puberťákovi | |
| 520 | . | ‡aKniha českého psychologa je zaměřena na to, jak porozumět dítěti, jak porozumět rozdílnému přístupu k chlapcům a dívkám, ale i jak porozumět sami sobě. Je vhodná pro rodiče, prarodiče, trenéry i učitele. | |
| 650 | 7. | ‡avýchova dítěte ‡7ph127420 ‡2czenas | |
| 650 | 7. | ‡arodičovství ‡7ph138908 ‡2czenas | |
| 650 | 7. | ‡aděti ‡7ph114392 ‡2czenas | |
| 655 | 7. | ‡apopulárně-naučné publikace ‡7fd131864 ‡2czenas | |
| 910 | . | ‡aABG312 | |
| 995 | . | ‡aska | |
| 901 | . | ‡a48535 ‡bCZ-PrJAB ‡c48535 ‡tbiblio | |